005350000a22001330004500090001700000245014100017041001400158700003800172700003100210100003100241942001300272773009900285999001700384 aASbSeriadas10aNotas sobre la ecología reproductiva de Agalychnis spurrelli (Anura: Hylidae) en una población de Anchicayá, Pacífico colombiano0 aEspañol1 aBolaños, María Eugenia9998221 aBerrío B., Harold9998231 aVargas S., Fernando999206 cARTICULO1 tRevista de Academia Colombiana de Ciencias Exactas, Físicas y Naturalesh90q85-99d2000g24 c15556d15556